| 000 | 00768nam a22002057a 4500 | ||
|---|---|---|---|
| 999 |
_c10348 _d10348 |
||
| 003 | AR-CdUCM | ||
| 008 | 190401b ||||| |||| 00| 0 spa d | ||
| 040 |
_aMUNICIPALIDAD PROVINCIAL DEL CUSCO _cBIBLIOTECA MUNICIPAL DEL CUSCO |
||
| 082 |
_aES / 895.1 / _bT19 |
||
| 100 |
_aTang, Wei _927148 |
||
| 245 | _aLeyendas y relatos históricos de china / | ||
| 260 |
_aBeijing : _bChina reconstruye, _c1984. |
||
| 300 |
_a103 paginas ; _c19 cm. |
||
| 440 |
_aLibros de la gran muralla. _927149 |
||
| 505 | _aContenido :Pan Gu separa el cielo de la tierra -- La historia de Yi Yin -- Dos diplomáticos -- La muerte de Qin Shi Huang -- Ban Chao y sus hermanos ... | ||
| 650 |
_aLiteratura china _97278 |
||
| 650 |
_aBiografías _9148 |
||
| 942 |
_2ddc _cLIBROS |
||
| 945 | _arum | ||